000
00286nam a22001217a 4500
020
_a
013236675
082
_2
22
_a
005.432
100
_a
Jang, Michael.
245
_a
Linux patch management /
260
_a
USA,
_b
Prentice Hall,
_c
c2006.
300
_a
xxi, 262 p. ;
_b
ill. ;
942
_2
ddc
_c
IT
999
_c
4136
_d
4136